Polymers : (Record no. 2715)

000 -LEADER
fixed length control field 00837nam a22002414a 4500
001 - CONTROL NUMBER
control field 2715
003 - CONTROL NUMBER IDENTIFIER
control field BD-DhUET
008 - FIXED-LENGTH DATA ELEMENTS--GENERAL INFORMATION
fixed length control field 020730s2003 enka b 001 0 eng
020 ## - INTERNATIONAL STANDARD BOOK NUMBER
International Standard Book Number 0471877417
040 ## - CATALOGING SOURCE
Original cataloging agency DLC
Transcribing agency DLC
Modifying agency BD-DhUET
082 00 - DEWEY DECIMAL CLASSIFICATION NUMBER
Classification number 547.52
Item number AZA/2003
100 1# - MAIN ENTRY--PERSONAL NAME
Personal name Azapagic, Adisa.
245 10 - TITLE STATEMENT
Title Polymers :
Remainder of title the environment and sustainable development /
Statement of responsibility, etc. by Adisa Azapagic, Alan Emsley, Ian Hamerton ; edited by Ian Hamerton.
260 ## - PUBLICATION, DISTRIBUTION, ETC. (IMPRINT)
Place of publication, distribution, etc. Hoboken, NJ :
Name of publisher, distributor, etc. J. Wiley,
Date of publication, distribution, etc. 2003.
300 ## - PHYSICAL DESCRIPTION
Extent xii, 219 p. :
Other physical details ill. (some col.) ;
Dimensions 24 cm.
504 ## - BIBLIOGRAPHY, ETC. NOTE
Bibliography, etc Includes bibliographies.
650 #0 - SUBJECT ADDED ENTRY--TOPICAL TERM
Topical term or geographic name as entry element Environmental chemistry
700 1# - ADDED ENTRY--PERSONAL NAME
Personal name Emsley, Alan.
700 1# - ADDED ENTRY--PERSONAL NAME
Personal name Hamerton, Ian.
942 ## - ADDED ENTRY ELEMENTS (KOHA)
Koha item type General Book
856 42 - ELECTRONIC LOCATION AND ACCESS
Uniform Resource Identifier http://www.loc.gov/catdir/description/wiley034/2002028088.html
856 41 - ELECTRONIC LOCATION AND ACCESS
Uniform Resource Identifier http://www.loc.gov/catdir/toc/wiley031/2002028088.html
Holdings
Koha item type Price effective from Koha normalized classification for sorting Date acquired Shelving location Koha full call number Lost status Source of classification or shelving scheme Copy number Damaged status Withdrawn status Koha date last seen Not for loan Piece designation (barcode) Location (home branch) Sublocation or collection (holding branch)
General Book2014-09-29547_000000000000000_52AZA20032014-09-29Circulation section547.52/AZA/2003  1  2014-09-29 100573Central Library, BUETCentral Library, BUET
General Book2014-09-29547_000000000000000_52AZA20032014-09-29Circulation section547.52/AZA/2003  2  2014-09-29 100574Central Library, BUETCentral Library, BUET